000 00703nam a2200241Ia 4500
003 OSt
005 20220923221518.0
006 a|||||r|||| 00| 0
007 ta
008 220922b |||||||| |||| 00| 0 hin d
024 _a197,795
037 _cTextual
040 _aARTS
_cARTS
_bhin
041 _2hin
_ahin
082 _aO152,8NSAx, M2-;2
100 _aसंगीता
245 0 _aहॅंसिये हॅंसाइये
246 _aHaॅansiye haॅansāiye
260 _aदिल्ली
_b प्रेम प्रका0
_c1982
300 _a101पृ.
_ccm.
942 _hO152,8NSAx, M2-;2
_cTEXL
_2CC
999 _c349666
_d349666